000 00494ntaaa2200205 4500
003 01
005 20251027201039.0
008 0714s1973 ag 01
040 _aAR-BaBN
_bspa
_cAR-BaBN
_eaacr
_dRIC
082 _a170 Si5m
100 _aSimón, René
_97773
245 _aMoral /
_cRené Simón
250 _a3 ed.
260 _aBarcelona :
_bHerder,
_c1978
300 _a432 p.
500 _a(Curso de filosofía tomista, 7)
650 _aEtica
_92820
650 _aNeotomismo
942 _cBK
999 _c4622
_d4622